Gracie Abrams - Paroles I Love You, I'm Sorry - Statistiques

Statistiques générales
  • Ce quiz a été pris 420 fois
  • Le résultat moyen est 245 sur 318
Statistiques - réponses
Hint Réponse % Correct
a
100%
A
100%
(A
100%
I
100%
(I
100%
you
100%
you,
100%
Bridge You
100%
(You
100%
the
99%
Refrain The
99%
love
98%
be
96%
I'm
96%
(I'm
96%
it,
96%
it
96%
best
95%
sorry
95%
to
93%
but
92%
worst
92%
worst)
92%
first
91%
first)
91%
oh,
91%
mm
90%
we're
90%
were
90%
go
89%
Couplet 2 | Intro 2
88%
is
87%
is)
87%
way
87%
what
87%
life
86%
that
86%
goes
85%
loved
83%
was
83%
just
82%
me,
82%
me
82%
your
82%
dick,
81%
sick
81%
ago
80%
As
79%
as
79%
(As
79%
on
79%
sounds,
77%
Refrain That's
77%
that's
77%
Now
76%
now
76%
told
76%
in
75%
And
74%
and
74%
curse
74%
curse)
74%
like
74%
truth,
74%
You're
74%
you're
74%
Augusts
72%
going
72%
somewhere,
71%
home
70%
it's
70%
sad
70%
sad)
70%
went
70%
plane
69%
again,
68%
again
68%
again)
68%
by
68%
didn't
68%
about
67%
boat,
67%
from
67%
my
67%
summers
67%
wrong
67%
age
66%
laugh
66%
whenever
66%
have
65%
know
65%
actually
64%
doors
64%
I'll
64%
alone
63%
old
63%
always
62%
never
62%
sun
62%
at
61%
lake
61%
not
61%
gate
60%
okay,
60%
set
60%
Trust
60%
watch
60%
Benz,
59%
drink
59%
feel
59%
kick,
59%
people
59%
all
58%
closed
58%
kill
58%
shit
58%
slam
58%
don't
57%
don't,
57%
push
57%
ends
56%
for,
56%
make
56%
real,
56%
someone
56%
works
56%
works)
56%
crash,
55%
prove
55%
shows
54%
window
54%
haunts
53%
this
53%
Refrain 'Cause
52%
cool
52%
Making
52%
tend
52%
well
52%
We'll
52%
getting
51%
habit
51%
send
51%
might
50%
stare
50%
Charm
49%
Lay
49%
low
49%
luck,
49%
mean
49%
paid
49%
same
48%
been
47%
talking,
46%
amends,
44%
horn
44%
train
44%
lean
42%
aim
41%
down
41%
known
41%
speak
39%
often,
38%
Thankful
38%
code
36%
road
35%
wanna
35%
Hope
34%
our
34%
out
34%
won't
33%
Wistfully
31%
Joyriding
26%
Aucun quiz correspondant
Distribution des résultats
% des personnes avec chaque résultat
Percentile par nombre de réponses
Votre historique - résultats
Vous n’avez pas pris ce quiz